| 000 | 01612cam a2200229 4500 | ||
|---|---|---|---|
| 001 | ABS67016 | ||
| 008 | 030901n2003 000 0 eng u | ||
| 035 | _a(Sirsi) u123416 | ||
| 100 | _aNorwood, G. | ||
| 245 | _aPower in a union | ||
| 260 | _c2003 | ||
| 490 |
_aEstates Gazette _v(0329) 19 July 2003, 104-105(2) |
||
| 520 | _aLooks at the creation of a new trade body, the Council of Property Search Organisations (CoPSO), which aims to represent the growing number of private search organisations now involved in more than 40% of property purchases in the UK. These companies have proved that they can deliver planning information from local authorities and environmental data from a range of utility sources, placing them at the centre of government proposals for speeding up house transactions via home information packs. CoPSO will further its members' market position by campaigning against local authorities that impede private search organisations' access to data and those that have not invested sufficiently in rapid electronic search data transmission facilities. It will also try to win over those mortgage lenders that still refuse to accept property search data from private companies. Lists CoPSO's priorities, objectives and members. Further information from www.copso.org.uk. | ||
| 590 | _aABS | ||
| 650 | _aHOME INFORMATION PACKS | ||
| 650 | _aPROPERTY INFORMATION | ||
| 650 | _aCOUNCIL OF PROPERTY SEARCH ORGANISATIONS | ||
| 650 | _aSEARCH SERVICES | ||
| 690 | _aPROPERTY AND LAND LAW-CONVEYANCING | ||
| 856 |
_uhttps://www.copso.org.uk _zView the CoPSO website... |
||
| 942 | _n0 | ||
| 999 |
_c73309 _d73309 |
||